000
00311nam a2200145Ia 4500
008
191201s2012 xx 000 0 und d
082
_a
330
_b
SLE
100
_a
SLOMAN,John
245
0
_a
Economics
250
_a
IMP
260
_a
N.Delhi
_b
pearson
_c
2012
300
_a
750+72
650
_a
MBA
942
_2
ddc
_c
BK
999
_c
4173
_d
4173